000 00470nmm a2200169Ia 4500
008 251105s9999||||xx |||||||||||||||||und||
020 _a9788433963253
041 _aspa
100 _aFernández Gonzalo, Jorge
245 0 _aFilosofía zombi
264 _a[Madrid, España] :
_bEditorial Anagrama,
_c2011
300 _a224 páginas
490 _aArgumentos
650 _aPhilosophy, Ethics
856 _uhttps://public.digitaliapublishing.com/a/33085
942 _cCF
999 _c81798
_d81798